Countries on the Arabian Peninsula Coast - Statistics

General Stats
  • This quiz has been taken 76 times
  • The average score is 12 of 13
Answer Stats
Country % Correct
Saudi Arabia
98%
Saudi Arabia
98%
Saudi Arabia
98%
Oman
97%
Oman
97%
Qatar
95%
Yemen
95%
Kuwait
92%
United Arab Emirates
92%
United Arab Emirates
92%
Iraq
87%
Jordan
85%
Israel
74%
No matching quizzes found
Score Distribution
Percent of People with Each Score
Percentile by Number Answered
Your Score History
You have not taken this quiz